|
|
|
|
| LEADER |
00000nas a2200000 a 4500 |
| 001 |
ssj0000600941 |
| 003 |
WaSeSS |
| 005 |
20200512172242.0 |
| 006 |
m d |
| 007 |
cr n |
| 008 |
110819c19939999sp a| p|s|||||| |0eng d |
| 022 |
|
|
|a 1988-3005
|l 1133-0392
|
| 035 |
|
|
|a (WaSeSS)ssj0000600941
|
| 040 |
|
|
|a WaSeSS
|c WaSeSS
|d WaSeSS
|
| 050 |
|
4 |
|a PE1
|
| 210 |
0 |
|
|a Estud. ingl. Univ. Complut.
|b (Internet)
|
| 222 |
|
0 |
|a Estudios ingleses de la Universidad Complutense
|b (Internet)
|
| 245 |
0 |
0 |
|a Estudios ingleses de la Universidad Complutense
|h [electronic resource].
|
| 260 |
|
|
|a Madrid :
|b Universidad Complutense, Servicio de Publicaciones
|
| 310 |
|
|
|a Annual
|
| 362 |
1 |
|
|a Began with Número 1 (1993).
|
| 506 |
|
|
|a License restrictions may limit access.
|
| 588 |
|
|
|a Description based on: Número 1 (1993); title from cover (e-Revistas, viewed August 10, 2011).
|
| 588 |
|
|
|a Latest issue consulted: Volumen 15 (2007) (viewed August 10, 2011).
|
| 650 |
|
0 |
|a English philology
|v Periodicals.
|
| 650 |
|
0 |
|a English language
|v Periodicals.
|
| 650 |
|
0 |
|a English literature
|v Periodicals.
|
| 650 |
|
0 |
|a American literature
|x History and criticism
|v Periodicals.
|
| 655 |
|
0 |
|a Electronic journals.
|
| 710 |
2 |
|
|a Universidad Complutense de Madrid.
|b Departamento de Filología Inglesa I.
|
| 710 |
2 |
|
|a Universidad Complutense de Madrid.
|b Departamento de Filología Inglesa II.
|
| 776 |
0 |
8 |
|i Print version:
|t Estudios ingleses de la Universidad Complutense
|x 1133-0392
|
| 856 |
4 |
0 |
|z Full text available from PRISMA Database with HAPI Index: 01/01/2005 to 01/31/2015
|u https://search.proquest.com/publication/85330
|